Normal view
MARC view
- Thorne, C. R.
Entry Personal Name
001 - CONTROL NUMBER
- control field: 25556
003 - CONTROL NUMBER IDENTIFIER
- control field: NUST
005 - DATE AND TIME OF LATEST TRANSACTION
- control field: 20191112123846.0
008 - FIXED-LENGTH DATA ELEMENTS
- fixed length control field: 191112|| aca||aabn | a|a d
040 ## - CATALOGING SOURCE
- Original cataloging agency: NUST
- Transcribing agency: NUST
100 ## - HEADING--PERSONAL NAME
- Personal name: Thorne, C. R.
- Fuller form of name: (Colin R.)
670 ## - SOURCE DATA FOUND
- Source citation: Work cat.: (NUST)0: Sediment transport in gravel-bed rivers /, c1987.
